[Event "Hoorn Oscar Romero op"]
[Site "Hoorn"]
[Date "2022.08.27"]
[Round "2"]
[White "De Winter, Arthur"]
[Black "Golbach, Floris"]
[Result "1-0"]
[WhiteElo "2150"]
[BlackElo "2012"]
[PlyCount "105"]
[EventDate "2022.08.26"]
[EventType "swiss"]
[EventRounds "6"]
[EventCountry "NED"]
[SourceTitle "EXT 2023"]
[Source "ChessBase"]
[SourceDate "2022.10.05"]
[SourceVersion "1"]
[SourceVersionDate "2022.10.05"]
[SourceQuality "1"]

1. e4 c5 2. Nf3 Nc6 3. d4 cxd4 4. Nxd4 g6 5. c4 Bg7 6. Be3 Qb6 7. Nb3 Qd8 8. Qd2 Nf6 9. Nc3 Ng4 10. Bf4 d6 11. Be2 a5 12. Na4 0-0 13. 0-0 h5 14. f3 Nge5 15. Be3 Be6 16. Nb6 Rb8 17. Nxa5 Nd7 18. Nxd7 Qxd7 19. Nxc6 bxc6 20. Bd4 Bxd4+ 21. Qxd4 c5 22. Qc3 Qb7 23. b3 f6 24. Qe3 Kg7 25. f4 Bf7 26. e5 Qc7 27. e6 Be8 28. Rf3 Rh8 29. Rg3 Rh6 30. Bd3 Qa5 31. Be4 Qa3 32. Qc3 Qb4 33. a4 h4 34. Qxb4 cxb4 35. Re3 Rb6 36. Rd3 Rh5 37. Rd5 Bc6 38. Rxh5 gxh5 39. a5 Ra6 40. Bxc6 Rxc6 41. a6 Rc8 42. a7 Ra8 43. Ra5 Kg6 44. f5+ Kg5 45. g3 h3 46. Kf2 Kg4 47. Ke3 d5 48. cxd5 Kxf5 49. Kd4 Kg4 50. Kc5 Kf3 51. Ra2 Ke4 52. d6 Ke5 53. dxe7 1-0

[Event "Split op 10th"]
[Site "Split"]
[Date "2021.08.01"]
[Round "2"]
[White "Cukrowski, Filip"]
[Black "Golbach, Floris"]
[Result "1-0"]
[WhiteElo "2389"]
[BlackElo "2057"]
[PlyCount "85"]
[EventDate "2021.07.31"]
[EventType "swiss"]
[EventRounds "9"]
[EventCountry "CRO"]
[SourceTitle "EXT 2022"]
[Source "ChessBase"]
[SourceDate "2021.10.06"]
[SourceVersion "1"]
[SourceVersionDate "2021.10.06"]
[SourceQuality "1"]

1. d4 Nf6 2. Bf4 d5 3. Nf3 c5 4. c3 Nc6 5. e3 Qb6 6. Qb3 c4 7. Qxb6 axb6 8. Nbd2 b5 9. a3 Bf5 10. h3 h6 11. g4 Bh7 12. Rc1 e6 13. Ne5 Nd7 14. Nxd7 Kxd7 15. Bg2 Bd6 16. Bxd6 Kxd6 17. e4 b4 18. axb4 Ra2 19. Rc2 Ra1+ 20. Ke2 Rxh1 21. Bxh1 Ra8 22. b3 cxb3 23. Nxb3 b6 24. e5+ Kd7 25. Rb2 Ra3 26. Kd2 g5 27. Bg2 Ne7 28. Bf1 Be4 29. Nc1 Ng6 30. Ra2 Rxa2+ 31. Nxa2 Nf4 32. Nc1 Kc6 33. b5+ Kd7 34. Ke3 Ke7 35. f3 Bc2 36. h4 f6 37. h5 Bb1 38. exf6+ Kxf6 39. Bd3 Bxd3 40. Nxd3 Nxd3 41. Kxd3 e5 42. dxe5+ Kxe5 43. Ke3 1-0